000 00481nam a2200193Ia 4500
005 20250423100312.0
008 250422s9999 xx 000 0 und d
020 _a9781929007738
050 _aRB 33 .B85/
100 _aBuja, L. Maximilian
245 0 _aNetter's illustrated human pathology
250 _a1th ed.
260 _aPhiladelphia, PA
260 _bSaunders/Elsevier
260 _c2005
300 _a527 p
650 _a Pathology--Atlases.
942 _cBK
999 _c32891
_d32891